[Event "Ojinaga Perla del Desierto op"]
[Site "Ojinaga"]
[Date "2023.10.27"]
[Round "4"]
[White "Herrera Mendez, Oscar Ivan"]
[Black "Vega Castaneda, Ulises Antonio"]
[Result "1/2-1/2"]
[WhiteElo "1698"]
[BlackElo "1907"]
[PlyCount "50"]
[EventDate "2023.10.26"]
[EventType "swiss"]
[EventRounds "7"]
[EventCountry "MEX"]
[SourceTitle "Mega2024 Update 01"]
[Source "Chessbase"]
[SourceDate "2023.11.12"]
[SourceVersion "1"]
[SourceVersionDate "2023.11.12"]
[SourceQuality "1"]

1. d4 d5 2. e3 Nc6 3. c4 e5 4. dxe5 d4 5. exd4 Qxd4 6. Qxd4 Nxd4 7. Bd3 Ne7 8. Nc3 Bf5 9. Bxf5 Nexf5 10. Rb1 Nc2+ 11. Kf1 0-0-0 12. Bg5 Re8 13. Rd1 h6 14. Bf4 g5 15. Bc1 Rxe5 16. Nf3 Re8 17. h3 Bg7 18. Ne2 Rd8 19. Rxd8+ Rxd8 20. g4 Nfd4 21. Nexd4 Nxd4 22. Nxd4 Rxd4 23. b3 Rd1+ 24. Kg2 Rxh1 25. Kxh1 Kd7 1/2-1/2